| 000 | 00522nam a2200169 a 4500 | ||
|---|---|---|---|
| 001 | 3481 | ||
| 005 | 20140414132113.0 | ||
| 008 | 040715s19uu xx 00 eng d | ||
| 020 | _a0755435060 | ||
| 050 |
_aREF 611 _bF522 2004 |
||
| 245 |
_aMy first book on the human body / : _ba visual guide to human anatomy. |
||
| 260 |
_aNorth Parade, UK : _bGrandream Books, _c2004. |
||
| 300 | _a48 p. : ill. ; cm. | ||
| 650 |
_aHuman anatomy _xJuvenile literature. |
||
| 650 |
_aHuman body _xJuvenile literature. |
||
| 999 |
_c114827 _d114827 |
||